Pour des savoirs fertiles (notice n° 1645768)

détails MARC
000 -LEADER
fixed length control field 00804cam a2200217 4500500
005 - DATE AND TIME OF LATEST TRANSACTION
control field 20260208002203.0
041 ## - LANGUAGE CODE
Language code of text/sound track or separate title fre
042 ## - AUTHENTICATION CODE
Authentication code dc
100 10 - MAIN ENTRY--PERSONAL NAME
Personal name Nouilhan, Michèle
Relator term author
245 00 - TITLE STATEMENT
Title Pour des savoirs fertiles
260 ## - PUBLICATION, DISTRIBUTION, ETC.
Date of publication, distribution, etc. 2015.<br/>
500 ## - GENERAL NOTE
General note 37
520 ## - SUMMARY, ETC.
Summary, etc. Dans la complexité des savoirs, l’enseignement des mythes grecs est au carrefour de nombreuses disciplines, il fait un pont entre le proche et le lointain et illustre les pouvoirs de la fiction.
690 ## - LOCAL SUBJECT ADDED ENTRY--TOPICAL TERM (OCLC, RLIN)
Topical term or geographic name as entry element complexité des savoirs
690 ## - LOCAL SUBJECT ADDED ENTRY--TOPICAL TERM (OCLC, RLIN)
Topical term or geographic name as entry element décloisonnement
690 ## - LOCAL SUBJECT ADDED ENTRY--TOPICAL TERM (OCLC, RLIN)
Topical term or geographic name as entry element héritage
690 ## - LOCAL SUBJECT ADDED ENTRY--TOPICAL TERM (OCLC, RLIN)
Topical term or geographic name as entry element mythologie grecque
690 ## - LOCAL SUBJECT ADDED ENTRY--TOPICAL TERM (OCLC, RLIN)
Topical term or geographic name as entry element transmission
786 0# - DATA SOURCE ENTRY
Note Empan | 100 | 4 | 2015-12-18 | p. 122-125 | 1152-3336
856 41 - ELECTRONIC LOCATION AND ACCESS
Uniform Resource Identifier <a href="https://shs.cairn.info/revue-empan-2015-4-page-122?lang=fr&redirect-ssocas=7080">https://shs.cairn.info/revue-empan-2015-4-page-122?lang=fr&redirect-ssocas=7080</a>

Pas d'exemplaire disponible.

PLUDOC

PLUDOC est la plateforme unique et centralisée de gestion des bibliothèques physiques et numériques de Guinée administré par le CEDUST. Elle est la plus grande base de données de ressources documentaires pour les Étudiants, Enseignants chercheurs et Chercheurs de Guinée.

Adresse

627 919 101/664 919 101

25 boulevard du commerce
Kaloum, Conakry, Guinée

Réseaux sociaux

Powered by Netsen Group @ 2025